World Map 30 X 32 Puzzle by 250 Largest Cities - Statistics

General Stats
  • This quiz has been taken 4,030 times
  • The average score is 440 of 543
Answer Stats
Piece Cities % Correct
New York, Los Angeles, Chicago, Washington, San Francisco, P..
98%
New York, Los Angeles, Chicago, Washington, San Francisco, B..
98%
New York, Los Angeles, Chicago, Washington, San Francisco, P..
98%
New York, Los Angeles, Chicago, Washington, Boston, Philadel..
98%
The Ruhr, Cologne / Dusseldorf, Berlin, Frankfurt, Hamburg, ..
97%
The Ruhr, Cologne / Dusseldorf, Berlin, Frankfurt, Hamburg, ..
97%
The Ruhr, Cologne / Dusseldorf, Berlin, Frankfurt, Hamburg, ..
97%
The Ruhr, Cologne / Dusseldorf, Berlin, Frankfurt, Hamburg, ..
97%
The Ruhr, Cologne / Dusseldorf, Berlin, Frankfurt, Hamburg, ..
97%
The Ruhr, Cologne / Dusseldorf, Berlin, Frankfurt, Hamburg, ..
97%
New York, Chicago, Washington, Boston, Philadelphia, Detroit..
97%
New York, Chicago, Washington, Boston, Philadelphia, Detroit..
97%
The Ruhr, Cologne / Dusseldorf, Berlin, Frankfurt, Hamburg, ..
97%
The Ruhr, Cologne / Dusseldorf, Berlin, Frankfurt, Hamburg, ..
97%
The Ruhr, Cologne / Dusseldorf, Berlin, Frankfurt, Hamburg, ..
97%
The Ruhr, Cologne / Dusseldorf, Berlin, Frankfurt, Hamburg, ..
97%
New York, Chicago, Washington, San Francisco, Boston, Philad..
97%
New York, Chicago, Washington, Boston, Philadelphia, Detroit..
97%
New York, Chicago, Washington, Boston, Philadelphia, Detroit..
97%
New York, Chicago, Washington, Boston, Philadelphia, Detroit..
97%
The Ruhr, Cologne / Dusseldorf, Berlin, Frankfurt, Hamburg, ..
97%
The Ruhr, Cologne / Dusseldorf, Berlin, Frankfurt, Hamburg, ..
97%
New York, Chicago, Washington, San Francisco, Boston, Philad..
97%
New York, Chicago, Washington, Boston, Philadelphia, Detroit..
97%
New York, Chicago, Washington, Boston, Philadelphia, Detroit..
97%
New York, Chicago, Washington, Boston, Philadelphia, Dallas,..
97%
New York, Chicago, Washington, Philadelphia, Dallas, Houston..
97%
New York, Chicago, Washington, Boston, Philadelphia, Dallas,..
97%
The Ruhr, Cologne / Dusseldorf, Berlin, Hamburg, Munich, Lon..
96%
The Ruhr, Cologne / Dusseldorf, Berlin, Frankfurt, Hamburg, ..
96%
The Ruhr, Cologne / Dusseldorf, Berlin, Hamburg, Munich, Lon..
96%
New York, Washington, Boston, Philadelphia, Detroit, Toronto..
96%
The Ruhr, Cologne / Dusseldorf, Berlin, Frankfurt, Hamburg, ..
96%
The Ruhr, Cologne / Dusseldorf, Berlin, Frankfurt, Hamburg, ..
96%
The Ruhr, Cologne / Dusseldorf, Berlin, Hamburg, Munich, Lon..
96%
New York, Washington, Boston, Philadelphia, Detroit, Toronto..
96%
Berlin, Frankfurt, Stuttgart, Munich, Istanbul, Ankara, Izmi..
96%
New York, Washington, Boston, Philadelphia, Detroit, Toronto..
96%
The Ruhr, Cologne / Dusseldorf, Frankfurt, Hamburg, Stuttgar..
96%
Beijing, Tianjin, Shenyang, Qingdao, Harbin, Zhengzhou, Dali..
96%
Beijing, Tianjin, Shenyang, Harbin, Dalian, Taiyuan, Shijiaz..
96%
The Ruhr, Cologne / Dusseldorf, Frankfurt, Hamburg, Stuttgar..
96%
Berlin, Frankfurt, Stuttgart, Munich, Milan, Naples, Rome, I..
96%
Shanghai, Beijing, Tianjin, Xiamen, Chengdu, Hangzhou, Wuhan..
96%
Shanghai, Beijing, Tianjin, Hangzhou, Wuhan, Shenyang, Nanji..
96%
Beijing, Tianjin, Shenyang, Qingdao, Harbin, Zhengzhou, Dali..
96%
Beijing, Tianjin, Shenyang, Harbin, Dalian, Taiyuan, Shijiaz..
96%
Shanghai, Beijing, Tianjin, Xiamen, Chengdu, Hangzhou, Wuhan..
96%
Guangzhou, Shanghai, Beijing, Tianjin, Xiamen, Chengdu, Hang..
96%
Shanghai, Beijing, Tianjin, Xiamen, Chengdu, Hangzhou, Wuhan..
96%
Shanghai, Beijing, Tianjin, Hangzhou, Wuhan, Shenyang, Nanji..
96%
Guangzhou, Shanghai, Beijing, Tianjin, Xiamen, Chengdu, Hang..
96%
Guangzhou, Shanghai, Beijing, Tianjin, Xiamen, Chengdu, Hang..
96%
New York, Washington, Philadelphia, Dallas, Houston, Miami, ..
96%
The Ruhr, Cologne / Dusseldorf, Frankfurt, Hamburg, Stuttgar..
95%
Berlin, Frankfurt, Stuttgart, Munich, Milan, Naples, Rome, I..
95%
New York, Chicago, Washington, Boston, Philadelphia, Clevela..
95%
New York, Washington, Philadelphia, Madrid, Lisbon
95%
Frankfurt, Stuttgart, Birmingham, Manchester, Leeds, Milan, ..
95%
New York, Chicago, Washington, Boston, Philadelphia, Atlanta..
95%
Frankfurt, Stuttgart, Milan, Naples, Rome, Istanbul, Ankara,..
95%
Shanghai, Beijing, Tianjin, Chengdu, Hangzhou, Wuhan, Chongq..
95%
Guangzhou, Shanghai, Beijing, Tianjin, Xiamen, Chengdu, Hang..
95%
Guangzhou, Shanghai, Beijing, Tianjin, Xiamen, Chengdu, Hang..
95%
Guangzhou, Shanghai, Xiamen, Chengdu, Hangzhou, Wuhan, Shant..
95%
Berlin, Warsaw, Moscow, Saint Petersburg, Stockholm, Kiev
94%
Berlin, Warsaw, Moscow, Saint Petersburg, Stockholm, Kiev
94%
Los Angeles, Chicago, San Francisco, Boston, Detroit, Phoeni..
94%
Munich, Tehran, Milan, Naples, Rome, Istanbul, Ankara, Izmir..
94%
Munich, Tehran, Milan, Naples, Rome, Istanbul, Ankara, Izmir..
94%
Munich, Tehran, Milan, Naples, Rome, Istanbul, Ankara, Izmir..
94%
Delhi, Lahore, Faisalabad, Rawalpindi, Gujranwala, Multan, T..
94%
Los Angeles, Chicago, Dallas, Houston, Miami, Atlanta, Phoen..
94%
New York, Washington, Philadelphia, Dallas, Houston, Miami, ..
94%
Delhi, Lahore, Faisalabad, Gujranwala, Multan, Tehran, Meshe..
94%
Shanghai, Xiamen, Chengdu, Hangzhou, Wuhan, Shenyang, Chongq..
94%
Guangzhou, Shanghai, Xiamen, Chengdu, Hangzhou, Wuhan, Shant..
94%
Guangzhou, Shanghai, Xiamen, Hangzhou, Wuhan, Shantou, Hong ..
94%
Guangzhou, Xiamen, Shantou, Hong Kong, Wenzhou, Changsha, Fu..
94%
Berlin, Warsaw, Moscow, Baku, Kiev
93%
Shenyang, Harbin, Changchun, Tokyo, Osaka, Nagoya, Sapporo, ..
93%
Los Angeles, San Francisco, Detroit, Phoenix, Seattle, Denve..
93%
Shanghai, Beijing, Tianjin, Hangzhou, Wuhan, Shenyang, Nanji..
93%
Shenyang, Harbin, Changchun, Tokyo, Osaka, Nagoya, Sapporo, ..
93%
Los Angeles, Chicago, San Francisco, Phoenix, Seattle, Denve..
93%
Beijing, Tianjin, Xi'an, Dalian, Taiyuan, Shijiazhuang, Ürüm..
93%
Shanghai, Beijing, Tianjin, Chengdu, Hangzhou, Wuhan, Shenya..
93%
Tehran, Meshed, Isfahan, Naples, Rome, Istanbul, Ankara, Izm..
93%
Rawalpindi, Tehran, Meshed, Isfahan, Naples, Rome, Riyadh, J..
93%
Milan, Naples, Rome, Cairo, Alexandria, Madrid, Barcelona, A..
93%
Tehran, Isfahan, Naples, Rome, Riyadh, Jeddah, Dammam, Istan..
93%
Delhi, Jaipur, Karachi, Lahore, Faisalabad, Rawalpindi, Hyde..
93%
Delhi, Ahmedabad, Surat, Jaipur, Lucknow, Kanpur, Indore, Pa..
93%
Shanghai, Hangzhou, Wuhan, Nanjing, Hefei, Nanchang, Ningbo,..
93%
Los Angeles, Dallas, Houston, Miami, Phoenix, Tampa, Denver,..
93%
Delhi, Ahmedabad, Surat, Jaipur, Lucknow, Kanpur, Indore, Pa..
93%
Los Angeles, San Diego, Las Vegas, Mexico City, Guadalajara,..
93%
Moscow, Saint Petersburg
92%
The Ruhr, Cologne / Dusseldorf, Hamburg, London, Rotterdam, ..
92%
Moscow, Saint Petersburg, Stockholm
92%
Moscow, Saint Petersburg
92%
Moscow, Saint Petersburg
92%
The Ruhr, Cologne / Dusseldorf, Hamburg, London, Birmingham,..
92%
Moscow, Saint Petersburg, Stockholm
92%
Moscow, Saint Petersburg
92%
Moscow, Saint Petersburg
92%
Moscow, Saint Petersburg, Stockholm
92%
Los Angeles, San Francisco, Seattle, Denver, Minneapolis, Sa..
92%
Munich, Tehran, Katowice, Moscow, Vienna, Baku, Budapest, Bu..
92%
Los Angeles, San Francisco, Seattle, Denver, Minneapolis, Sa..
92%
Los Angeles, San Francisco, Phoenix, Seattle, Denver, San Di..
92%
Tehran, Meshed, Isfahan, Naples, Rome, Istanbul, Ankara, Izm..
92%
Shenyang, Tokyo, Osaka, Nagoya, Sapporo, Seoul, Pyongyang
92%
Los Angeles, San Francisco, Dallas, Houston, Atlanta, Phoeni..
92%
Los Angeles, Chicago, San Francisco, Dallas, Houston, Atlant..
92%
Shenyang, Qingdao, Zhengzhou, Jinan, Zibo, Xuzhou, Yantai, T..
92%
Los Angeles, San Francisco, Dallas, Houston, Miami, Atlanta,..
92%
Isfahan, Naples, Rome, Istanbul, Ankara, Izmir, Cairo, Alexa..
92%
Chengdu, Chongqing, Delhi, Mumbai, Kolkata, Ahmedabad, Pune,..
92%
Los Angeles, San Francisco, Dallas, Houston, Miami, Phoenix,..
92%
Xiamen, Chengdu, Chongqing, Wenzhou, Changsha, Kunming, Fuzh..
92%
Guangzhou, Shantou, Hong Kong, Kunming, Nanning, Guiyang, Hu..
92%
Guangzhou, Shanghai, Xiamen, Chengdu, Hangzhou, Wuhan, Shant..
92%
Guangzhou, Shanghai, Xiamen, Hangzhou, Wuhan, Shantou, Hong ..
92%
São Paulo, Rio de Janeiro, Belo Horizonte, Porto Alegre, Bra..
92%
São Paulo, Rio de Janeiro, Porto Alegre, Brasília, Curitiba,..
92%
São Paulo, Rio de Janeiro, Belo Horizonte, Porto Alegre, Bra..
92%
São Paulo, Rio de Janeiro, Porto Alegre, Brasília, Curitiba,..
92%
The Ruhr, Cologne / Dusseldorf, Hamburg, London, Birmingham,..
91%
Frankfurt, Stuttgart, Birmingham, Manchester, Leeds, Milan, ..
91%
Ürümqi, Delhi, Lahore, Faisalabad, Rawalpindi, Gujranwala, M..
91%
New York, Washington, Philadelphia, Atlanta, Charlotte
91%
Tokyo, Osaka, Nagoya, Fukuoka, Okayama, Busan, Daegu
91%
Tokyo, Osaka, Nagoya
91%
Los Angeles, San Francisco, Dallas, Houston, Phoenix, San Di..
91%
Los Angeles, San Francisco, Dallas, Houston, Phoenix, Denver..
91%
Cairo, Alexandria, Madrid, Barcelona, Algiers, Casablanca, L..
91%
Shanghai, Chengdu, Hangzhou, Wuhan, Chongqing, Nanjing, Xi'a..
91%
Shanghai, Xiamen, Chengdu, Hangzhou, Wuhan, Chongqing, Nanji..
91%
Tokyo, Osaka, Nagoya
91%
Dallas, Houston, Miami, Atlanta, Phoenix, Tampa, San Diego, ..
91%
Chicago, Dallas, Houston, Miami, Atlanta, Tampa, Cleveland, ..
91%
Naples, Rome, Riyadh, Jeddah, Dammam, Cairo, Alexandria, Alg..
91%
Isfahan, Riyadh, Jeddah, Dammam, Istanbul, Ankara, Izmir, Ca..
91%
Jaipur, Karachi, Hyderabad, Tehran, Isfahan, Riyadh, Jeddah,..
91%
Delhi, Mumbai, Kolkata, Ahmedabad, Pune, Surat, Jaipur, Luck..
91%
Kunming, Guiyang, Delhi, Mumbai, Kolkata, Bengaluru, Hyderab..
91%
Xiamen, Wenzhou, Changsha, Fuzhou, Tokyo, Osaka, Nagoya, Tai..
91%
Delhi, Mumbai, Kolkata, Bengaluru, Hyderabad, Ahmedabad, Pun..
91%
Nanning, Delhi, Mumbai, Kolkata, Bengaluru, Chennai, Hyderab..
91%
Miami, Tampa, Orlando, San Juan, Mexico City, Puebla, Toluca..
91%
Guangzhou, Shantou, Hong Kong, Kunming, Nanning, Guiyang, Hu..
91%
Guangzhou, Xiamen, Chengdu, Shantou, Hong Kong, Chongqing, W..
91%
Miami, Tampa, Orlando, San Juan, Mexico City, Puebla, Toluca..
91%
São Paulo, Rio de Janeiro, Belo Horizonte, Brasília, Recife,..
91%
São Paulo, Rio de Janeiro, Belo Horizonte, Brasília, Recife,..
91%
São Paulo, Rio de Janeiro, Belo Horizonte, Brasília, Salvado..
91%
São Paulo, Rio de Janeiro, Belo Horizonte, Porto Alegre, Bra..
91%
São Paulo, Rio de Janeiro, Belo Horizonte, Brasília, Recife,..
91%
São Paulo, Rio de Janeiro, Belo Horizonte, Brasília, Recife,..
91%
São Paulo, Rio de Janeiro, Brasília, Curitiba, Campinas, Goi..
91%
São Paulo, Rio de Janeiro, Belo Horizonte, Porto Alegre, Bra..
91%
São Paulo, Rio de Janeiro, Belo Horizonte, Porto Alegre, Bra..
91%
São Paulo, Rio de Janeiro, Belo Horizonte, Porto Alegre, Bra..
91%
São Paulo, Rio de Janeiro, Belo Horizonte, Porto Alegre, Cur..
91%
Moscow
90%
Chicago, Boston, Detroit, Seattle, Denver, Cleveland, Minnea..
90%
Beijing, Tianjin, Shenyang, Qingdao, Harbin, Zhengzhou, Dali..
90%
Beijing, Tianjin, Shenyang, Harbin, Dalian, Taiyuan, Shijiaz..
90%
Beijing, Tianjin, Chengdu, Shenyang, Chongqing, Xi'an, Qingd..
90%
Rawalpindi, Tehran, Meshed, Isfahan, Naples, Rome, Riyadh, D..
90%
Beijing, Tianjin, Chengdu, Shenyang, Chongqing, Xi'an, Qingd..
90%
Los Angeles, San Francisco, Phoenix, Denver, San Diego, Salt..
90%
Delhi, Jaipur, Karachi, Lahore, Faisalabad, Rawalpindi, Hyde..
90%
Dallas, Houston, Miami, Phoenix, Tampa, San Diego, Orlando, ..
90%
Dallas, Houston, Miami, Tampa, Orlando, Mexico City, Guadala..
90%
Dallas, Houston, Miami, Atlanta, Tampa, Orlando, Charlotte, ..
90%
Ahmedabad, Surat, Indore, Bhopal, Isfahan, Riyadh, Jeddah, D..
90%
Guangzhou, Xiamen, Chengdu, Shantou, Hong Kong, Chongqing, W..
90%
Guangzhou, Shanghai, Xiamen, Chengdu, Hangzhou, Wuhan, Shant..
90%
Guangzhou, Shanghai, Xiamen, Hangzhou, Wuhan, Shantou, Hong ..
90%
Dallas, Houston, Miami, Tampa, Orlando, San Juan, Mexico Cit..
90%
Delhi, Mumbai, Kolkata, Bengaluru, Chennai, Hyderabad, Ahmed..
90%
San Juan, Mexico City, Puebla, Toluca, Bogotá, Medellín, Cal..
90%
Guangzhou, Shantou, Hong Kong, Kunming, Nanning, Guiyang, Hu..
90%
Mexico City, Puebla, Toluca, Bogotá, Medellín, Cali, Guayaqu..
90%
São Paulo, Rio de Janeiro, Belo Horizonte, Brasília, Salvado..
90%
The Ruhr, Cologne / Dusseldorf, Hamburg, London, Birmingham,..
89%
Los Angeles, San Francisco, Phoenix, San Diego, Las Vegas
89%
Xi'an, Ürümqi, Lanzhou, Delhi, Ahmedabad, Surat, Jaipur, Luc..
89%
Chengdu, Chongqing, Xi'an, Qingdao, Zhengzhou, Jinan, Ürümqi..
89%
Miami, Tampa, Orlando, San Juan, Mexico City, Guadalajara, M..
89%
Miami, Tampa, Orlando, San Juan, Mexico City, Guadalajara, M..
89%
Nanning, Mumbai, Kolkata, Bengaluru, Chennai, Hyderabad, Pun..
89%
Guangzhou, Xiamen, Shantou, Hong Kong, Wenzhou, Changsha, Fu..
89%
Mexico City, Puebla, Toluca, Bogotá, Medellín, Cali, Guayaqu..
89%
Nanning, Chennai, Jakarta, Medan, Manila, Cebu, Ho Chi Minh ..
89%
Mexico City, Puebla, Toluca, Bogotá, Medellín, Cali, Guayaqu..
89%
São Paulo, Porto Alegre, Curitiba, Campinas, Buenos Aires, S..
89%
Sydney, Melbourne, Brisbane, Perth
89%
Sydney, Melbourne, Brisbane
89%
Sydney, Melbourne, Brisbane, Perth
89%
Sydney, Melbourne, Brisbane, Perth
89%
Sydney, Melbourne, Brisbane, Perth
89%
Sydney, Melbourne, Brisbane
89%
Sydney, Melbourne, Perth
89%
Sydney, Melbourne, Perth
89%
Sydney, Melbourne, Brisbane, Perth
89%
Sydney, Melbourne, Brisbane
89%
Sydney, Melbourne, Brisbane
89%
Sydney, Melbourne, Perth
89%
Sydney, Melbourne, Brisbane
89%
San Francisco, Detroit, Phoenix, Seattle, Denver, Minneapoli..
88%
Los Angeles, San Francisco, Denver, Salt Lake City, Portland..
88%
Milan, Naples, Rome, Madrid, Barcelona, Algiers, Casablanca,..
88%
Ürümqi, Baotou, Delhi, Jaipur, Karachi, Lahore, Faisalabad, ..
88%
Milan, Naples, Rome, Madrid, Barcelona, Algiers, Casablanca,..
88%
Riyadh, Jeddah, Dammam, Cairo, Alexandria, Tel Aviv-Jaffa, A..
88%
Mumbai, Kolkata, Bengaluru, Chennai, Hyderabad, Ahmedabad, P..
88%
Bengaluru, Chennai, Hyderabad, Coimbatore, Medan, Dhaka, Chi..
88%
Guangzhou, Shantou, Hong Kong, Huizhou, Medan, Kaohsiung, Ta..
88%
Chennai, Jakarta, Medan, Ho Chi Minh City, Kuala Lumpur, Yan..
88%
Jakarta, Bandung, Medan, Manila, Cebu, Ho Chi Minh City, Kua..
88%
Jakarta, Bandung, Medan, Ho Chi Minh City, Kuala Lumpur, Sin..
88%
São Paulo, Belo Horizonte, Brasília, Recife, Salvador, Forta..
88%
São Paulo, Belo Horizonte, Brasília, Recife, Salvador, Campi..
88%
São Paulo, Belo Horizonte, Brasília, Campinas, Goiânia, Sant..
88%
São Paulo, Porto Alegre, Curitiba, Campinas, Buenos Aires, S..
88%
São Paulo, Porto Alegre, Curitiba, Campinas, Buenos Aires, S..
88%
Sydney, Melbourne
88%
Sydney, Melbourne
88%
Sydney, Melbourne
88%
Sydney, Melbourne
88%
Sydney, Melbourne
88%
Kano, Cairo, Alexandria, Barcelona, Algiers, Casablanca, Tun..
87%
Guangzhou, Shanghai, Xiamen, Chengdu, Hangzhou, Wuhan, Shant..
87%
Mumbai, Kolkata, Ahmedabad, Pune, Surat, Jaipur, Nagpur, Ind..
87%
Mexico City, Guadalajara, Monterrey, Puebla, Toluca, Havana,..
87%
San Juan, Mexico City, Puebla, Toluca, Caracas, Maracaibo, H..
87%
Mexico City, Guadalajara, Monterrey, Puebla, Toluca, Maracai..
87%
Jakarta, Surabaya, Medan, Manila, Cebu, Ho Chi Minh City, Ku..
87%
Jakarta, Bandung, Surabaya, Medan, Manila, Cebu, Ho Chi Minh..
87%
Rio de Janeiro, Belo Horizonte, Brasília, Recife, Salvador, ..
87%
Rio de Janeiro, Belo Horizonte, Brasília, Recife, Salvador, ..
87%
Johannesburg, Cape Town, Durban, Luanda, Maputo, Lusaka, Har..
87%
Sydney, Brisbane
87%
Johannesburg, Cape Town, Durban, Maputo
87%
Johannesburg, Cape Town, Durban, Maputo, Harare
87%
Johannesburg, Cape Town, Durban, Maputo, Lusaka, Harare
87%
Sydney, Brisbane
87%
Johannesburg, Cape Town, Durban, Maputo
87%
Johannesburg, Cape Town, Durban, Maputo
87%
Johannesburg, Cape Town, Durban, Maputo, Harare
87%
Johannesburg, Cape Town, Durban, Maputo
87%
Sydney, Brisbane
87%
Rio de Janeiro, Porto Alegre, Curitiba, Buenos Aires
87%
Johannesburg, Cape Town, Durban, Maputo
87%
Johannesburg, Cape Town, Durban, Maputo
87%
Johannesburg, Cape Town, Durban, Maputo
87%
Johannesburg, Cape Town, Durban, Maputo
87%
Detroit, Seattle, Minneapolis, Toronto, Vancouver
86%
Beijing, Tianjin, Xi'an, Harbin, Dalian, Taiyuan, Shijiazhua..
86%
Los Angeles, San Diego, Las Vegas
86%
Los Angeles, San Diego, Las Vegas, Guadalajara, Monterrey
86%
Kano, Jeddah, Cairo, Alexandria, Addis Ababa, Khartoum, Sana..
86%
Mumbai, Bengaluru, Hyderabad, Ahmedabad, Pune, Surat, Indore..
86%
Nanning, Mumbai, Kolkata, Bengaluru, Chennai, Hyderabad, Ahm..
86%
Guangzhou, Shantou, Hong Kong, Huizhou, Kaohsiung, Taichung,..
86%
Chennai, Jakarta, Medan, Kuala Lumpur, Singapore, Colombo
86%
Jakarta, Bandung, Surabaya, Medan, Ho Chi Minh City, Kuala L..
86%
Jakarta, Bandung, Surabaya, Medan, Ho Chi Minh City, Kuala L..
86%
São Paulo, Campinas, Santiago, Asunción, Lima
86%
Porto Alegre, Buenos Aires, Santiago, Asunción
86%
Porto Alegre, Curitiba, Buenos Aires, Santiago, Asunción
86%
Buenos Aires, Santiago
86%
Buenos Aires, Santiago
86%
Porto Alegre, Buenos Aires, Santiago, Asunción
86%
Porto Alegre, Curitiba, Buenos Aires, Santiago, Asunción
86%
Buenos Aires, Santiago
86%
Buenos Aires, Santiago
86%
Porto Alegre, Buenos Aires, Santiago, Asunción
86%
Buenos Aires, Santiago
86%
Chicago, Boston, Detroit, Cleveland, Minneapolis, Cincinnati..
85%
Ürümqi, Tehran, Meshed, Isfahan, Istanbul, Ankara, Izmir, Da..
85%
Madrid, Barcelona, Algiers, Casablanca, Lisbon, Tunis
85%
Madrid, Algiers, Ouagadougou, Bamako, Casablanca, Lisbon, Tu..
85%
Mumbai, Pune, Riyadh, Jeddah, Dammam, Addis Ababa, Tel Aviv-..
85%
Mumbai, Kolkata, Bengaluru, Chennai, Hyderabad, Ahmedabad, P..
85%
Guangzhou, Xiamen, Shantou, Hong Kong, Wenzhou, Changsha, Fu..
85%
Mumbai, Bengaluru, Chennai, Pune, Coimbatore, Riyadh, Jeddah..
85%
Lagos, Kano, Ibadan, Abuja, Port Harcourt, Douala, Yaoundé, ..
85%
Mumbai, Kolkata, Bengaluru, Chennai, Hyderabad, Pune, Nagpur..
85%
Lagos, Kano, Ibadan, Abuja, Port Harcourt, Douala, Yaoundé, ..
85%
Lagos, Ibadan, Abuja, Port Harcourt, Douala, Yaoundé, Accra,..
85%
Belém, Manaus, Bogotá, Medellín, Cali, Guayaquil, Quito, Car..
85%
Lagos, Kano, Ibadan, Abuja, Port Harcourt, Douala, Yaoundé, ..
85%
Lagos, Ibadan, Abuja, Port Harcourt, Douala, Yaoundé, Accra,..
85%
Lagos, Port Harcourt, Douala, Yaoundé, Accra, Luanda, Kinsha..
85%
Jakarta, Surabaya, Cebu, Kuala Lumpur, Singapore
85%
Manaus, Bogotá, Medellín, Cali, Guayaquil, Quito, Lima
85%
Fortaleza, Belém, Manaus, Bogotá, Medellín, Cali, Guayaquil,..
85%
Recife, Fortaleza, Belém, Manaus, Bogotá, Medellín, Cali, Gu..
85%
Lagos, Port Harcourt, Douala, Yaoundé, Accra, Luanda, Kinsha..
85%
Jakarta, Bandung, Medan, Singapore, Colombo
85%
Jakarta, Bandung, Surabaya, Medan, Kuala Lumpur, Singapore
85%
Jakarta, Bandung, Surabaya, Kuala Lumpur, Singapore
85%
Recife, Manaus, Bogotá, Medellín, Cali, Guayaquil, Quito, Li..
85%
Brasília, Recife, Salvador, Fortaleza, Goiânia, Belém, Manau..
85%
Jakarta, Bandung, Surabaya, Kuala Lumpur, Singapore
85%
Brasília, Salvador, Goiânia, Manaus, Quito, Lima
85%
São Paulo, Rio de Janeiro, Belo Horizonte, Porto Alegre, Cur..
85%
Beijing, Tianjin, Xi'an, Harbin, Dalian, Taiyuan, Shijiazhua..
84%
Madrid, Algiers, Casablanca, Lisbon, Tunis
84%
Madrid, Algiers, Casablanca, Lisbon, Tunis
84%
San Diego, Mexico City, Guadalajara, Puebla, Toluca, Guatema..
84%
Lagos, Kano, Ibadan, Abuja, Port Harcourt, Douala, Yaoundé, ..
84%
Mumbai, Bengaluru, Chennai, Hyderabad, Ahmedabad, Pune, Sura..
84%
Mumbai, Bengaluru, Chennai, Hyderabad, Ahmedabad, Pune, Sura..
84%
Lagos, Port Harcourt, Douala, Yaoundé, Accra, Addis Ababa, N..
84%
Jakarta, Bandung, Surabaya, Cebu, Singapore
84%
Jakarta, Bandung, Surabaya, Medan, Singapore
84%
Jakarta, Bandung, Surabaya, Singapore
84%
Jakarta, Bandung, Surabaya, Singapore
84%
São Paulo, Rio de Janeiro, Belo Horizonte, Campinas
84%
Ürümqi, Delhi, Lahore, Faisalabad, Rawalpindi, Gujranwala, M..
83%
Los Angeles, Las Vegas
83%
Kano, Jeddah, Cairo, Alexandria, Khartoum, Sana'a
83%
Lagos, Kano, Ibadan, Abuja, Port Harcourt, Douala, Accra, Ku..
83%
Mexico City, Guadalajara, Puebla, Toluca, Guatemala City
83%
Mexico City, Guadalajara, Puebla, Toluca, Guatemala City
83%
Mumbai, Kolkata, Bengaluru, Chennai, Hyderabad, Ahmedabad, P..
83%
Mexico City, Guadalajara, Puebla, Toluca, Maracaibo, Guatema..
83%
San Juan, Bogotá, Medellín, Cali, Guayaquil, Quito, Caracas,..
83%
San Juan, Belém, Manaus, Bogotá, Medellín, Cali, Quito, Cara..
83%
Lagos, Kano, Ibadan, Abuja, Port Harcourt, Douala, Yaoundé, ..
83%
Lagos, Kano, Ibadan, Abuja, Port Harcourt, Douala, Yaoundé, ..
83%
Belém, Manaus, Bogotá, Medellín, Cali, Guayaquil, Quito, Car..
83%
Johannesburg, Luanda, Kinshasa, Antananarivo, Maputo, Dar es..
83%
Rio de Janeiro, Belo Horizonte, Brasília, Salvador, Goiânia
83%
San Francisco, Seattle, Portland, Vancouver
82%
Beijing, Tianjin, Harbin, Dalian, Taiyuan, Shijiazhuang, Cha..
82%
San Francisco, Seattle, Portland, Vancouver
82%
San Francisco, Seattle, Portland, Vancouver
82%
Guangzhou, Shantou, Hong Kong, Huizhou, Kaohsiung, Taichung,..
82%
Lagos, Kano, Ibadan, Abuja, Port Harcourt, Douala, Accra, Ku..
82%
Lagos, Kano, Ibadan, Abuja, Port Harcourt, Douala, Yaoundé, ..
82%
Lagos, Kano, Ibadan, Abuja, Port Harcourt, Douala, Accra, Ku..
82%
Lagos, Kano, Ibadan, Abuja, Port Harcourt, Douala, Yaoundé, ..
82%
Bogotá, Medellín, Cali, Guayaquil, Quito, Caracas, Maracaibo..
82%
San Juan, Belém, Manaus, Bogotá, Medellín, Cali, Guayaquil, ..
82%
Fortaleza, Belém, Manaus, Bogotá, Medellín, Cali, Quito, Car..
82%
Lagos, Ibadan, Abuja, Port Harcourt, Douala, Yaoundé, Accra,..
82%
Lagos, Kano, Ibadan, Abuja, Port Harcourt, Douala, Yaoundé, ..
82%
Lagos, Kano, Ibadan, Abuja, Port Harcourt, Douala, Yaoundé, ..
82%
Medan, Manila, Cebu, Ho Chi Minh City, Kuala Lumpur, Singapo..
82%
Fortaleza, Belém, Manaus, Bogotá, Medellín, Cali, Guayaquil,..
82%
Recife, Fortaleza, Belém, Manaus, Bogotá, Medellín, Cali, Gu..
82%
Lagos, Ibadan, Abuja, Port Harcourt, Douala, Yaoundé, Accra,..
82%
Lagos, Ibadan, Abuja, Port Harcourt, Douala, Yaoundé, Accra,..
82%
Brasília, Goiânia, Lima
82%
Johannesburg, Luanda, Kinshasa, Antananarivo, Maputo, Lusaka..
82%
Seattle, Denver, Minneapolis, Salt Lake City, Portland, Vanc..
81%
San Juan, Bogotá, Medellín, Cali, Caracas, Maracaibo, Santo ..
81%
Fortaleza, Lagos, Port Harcourt, Douala, Accra, Kumasi, Luan..
81%
Lagos, Port Harcourt, Douala, Accra, Luanda, Kinshasa, Lusak..
81%
Johannesburg, Durban, Luanda, Antananarivo, Maputo, Lusaka, ..
81%
Seattle, Vancouver
80%
Seattle, Vancouver
80%
Seattle, Portland, Vancouver
80%
Seattle, Vancouver
80%
Seattle, Vancouver
80%
Seattle, Portland, Vancouver
80%
Seattle, Vancouver
80%
Seattle, Portland, Vancouver
80%
Mexico City, Guadalajara, Puebla, Toluca
80%
Recife, Fortaleza, Belém, Bogotá, Medellín, Cali, Caracas, A..
80%
Yaoundé, Kinshasa, Addis Ababa, Nairobi, Dar es Salaam, Kamp..
80%
Luanda, Kinshasa, Addis Ababa, Nairobi, Dar es Salaam, Kampa..
80%
Jakarta, Dar es Salaam
80%
Johannesburg, Antananarivo, Maputo, Dar es Salaam, Lusaka, H..
80%
Johannesburg, Durban, Antananarivo, Maputo, Lusaka, Harare
80%
Johannesburg, Durban, Antananarivo, Maputo, Lusaka, Harare
80%
Johannesburg, Durban, Antananarivo, Maputo, Harare
80%
Berlin, Warsaw, Saint Petersburg, Stockholm
79%
Madrid, Barcelona, Casablanca, Lisbon
79%
San Juan, Belém, Bogotá, Medellín, Cali, Caracas, Maracaibo,..
79%
Fortaleza, Belém, Lagos, Port Harcourt, Douala, Accra, Kumas..
79%
Bengaluru, Chennai, Hyderabad, Coimbatore, Medan, Ho Chi Min..
79%
Fortaleza, Belém, Lagos, Port Harcourt, Douala, Accra, Kumas..
79%
Yaoundé, Luanda, Kinshasa, Nairobi, Dar es Salaam, Kampala, ..
79%
Jakarta, Surabaya
79%
Manaus, Guayaquil, Quito, Lima
79%
Luanda, Kinshasa, Nairobi, Dar es Salaam, Kampala, Lusaka, H..
79%
Luanda, Kinshasa, Nairobi, Antananarivo, Dar es Salaam, Kamp..
79%
Jakarta, Bandung, Surabaya
79%
Jakarta, Bandung, Surabaya
79%
Jakarta, Bandung, Surabaya
79%
Jakarta, Bandung, Surabaya
79%
Jakarta, Bandung, Surabaya
79%
Johannesburg, Antananarivo, Maputo, Harare
79%
Johannesburg, Durban, Antananarivo, Maputo
79%
Melbourne, Brisbane, Perth
79%
Johannesburg, Durban, Antananarivo, Maputo
79%
Melbourne, Perth
79%
Melbourne, Perth
79%
Melbourne, Perth
79%
Ibadan, Abuja, Jeddah, Yaoundé, Addis Ababa, Nairobi, Kharto..
78%
Manila, Cebu, Ho Chi Minh City, Kuala Lumpur
78%
Bogotá, Medellín, Cali, Guayaquil, Quito, Guatemala City
78%
Belém, Manaus, Bogotá, Medellín, Cali, Guayaquil, Quito, Mar..
78%
Kinshasa, Nairobi, Antananarivo, Dar es Salaam, Kampala
78%
Johannesburg, Antananarivo, Maputo
78%
Bengaluru, Coimbatore, Kano, Jeddah, Addis Ababa, Nairobi, K..
77%
Brasília, Recife, Salvador, Fortaleza, Goiânia, Belém, Manau..
76%
Porto Alegre, Buenos Aires
76%
Porto Alegre, Curitiba, Buenos Aires
76%
Porto Alegre, Buenos Aires
76%
Buenos Aires
76%
Porto Alegre, Buenos Aires
76%
Miami, Tampa, Orlando, San Juan, Caracas, Havana, Santo Domi..
75%
Bengaluru, Coimbatore, Addis Ababa, Nairobi, Colombo, Sana'a
75%
Mumbai, Bengaluru, Chennai, Pune, Coimbatore, Addis Ababa, C..
75%
Manila, Cebu, Ho Chi Minh City
75%
Guayaquil, Lima
75%
Guayaquil, Lima
75%
Ibadan, Abuja, Kumasi, Caracas, Ouagadougou, Abidjan, Conakr..
74%
Bengaluru, Coimbatore, Medan, Addis Ababa, Nairobi, Colombo
74%
Lima
74%
Luanda, Nairobi, Antananarivo, Dar es Salaam, Lusaka, Harare
74%
Manila, Cebu
73%
Manila, Cebu
73%
Yaoundé, Addis Ababa, Nairobi, Dar es Salaam, Kampala
73%
Mumbai, Bengaluru, Chennai, Pune, Coimbatore, Medan, Kuala L..
73%
Addis Ababa, Nairobi, Dar es Salaam, Kampala
73%
Bengaluru, Coimbatore, Medan, Nairobi, Singapore, Colombo
73%
Luanda, Nairobi, Antananarivo, Dar es Salaam, Lusaka
73%
Johannesburg, Maputo, Harare
73%
Ürümqi, Rawalpindi, Tehran, Meshed, Kabul, Baku, Bucharest, ..
72%
San Juan, Belém, Caracas, Maracaibo, Santo Domingo, Port-au-..
72%
San Juan, Caracas, Ouagadougou, Conakry, Bamako, Dakar
72%
Yaoundé, Luanda, Kinshasa, Dar es Salaam, Kampala, Lusaka, H..
72%
Rio de Janeiro, Porto Alegre, Curitiba
72%
Milan, Madrid, Lisbon
71%
Brisbane, Perth
71%
Brisbane, Perth
71%
Kano, Ibadan, Abuja, Jeddah, Yaoundé, Ouagadougou, Addis Aba..
70%
Fortaleza, Belém, Kumasi, Caracas, Maracaibo, Conakry, Dakar
70%
Bogotá, Medellín, Cali, Guayaquil, Guatemala City
70%
Luanda, Kinshasa, Lusaka, Harare
70%
Luanda, Kinshasa, Lusaka, Harare
70%
Perth, Bandung, Surabaya
70%
Perth, Surabaya
70%
Rio de Janeiro, Curitiba
70%
Johannesburg, Maputo
70%
Detroit, Toronto
69%
Miami, Tampa, Orlando, San Juan, Monterrey, Havana, Santo Do..
69%
Kano, Ibadan, Abuja, Kumasi, Ouagadougou, Abidjan, Conakry, ..
69%
Recife, Luanda, Abidjan, Kinshasa
69%
Perth, Bandung
69%
Perth
69%
Perth
69%
Perth
69%
Kano, Kumasi, Ouagadougou, Bamako, Casablanca, Dakar
68%
Shenyang, Harbin, Changchun, Sapporo, Seoul, Pyongyang
67%
Frankfurt, Stuttgart, Birmingham, Manchester, Leeds, Paris
67%
Santiago, Asunción
67%
Curitiba, Santiago, Asunción
67%
Kano, Ibadan, Abuja, Jeddah, Algiers, Ouagadougou, Bamako, K..
66%
Santiago
66%
Kano, Ibadan, Abuja, Kumasi, Ouagadougou, Abidjan, Conakry, ..
65%
Recife, Fortaleza, Abidjan, Kinshasa, Conakry
65%
Casablanca, Dakar
64%
Recife, Salvador, Fortaleza, Belém, Manaus, Quito
63%
Nairobi, Dar es Salaam, Kampala
63%
San Juan, Ouagadougou, Conakry, Bamako, Dakar
62%
Kano, Kumasi, Ouagadougou, Conakry, Bamako, Dakar
62%
Kano, Kumasi, Ouagadougou, Conakry, Bamako, Dakar
62%
Cape Town, Durban
62%
Cape Town, Durban
62%
Cape Town, Durban
62%
Cape Town, Durban
62%
Cape Town, Durban
62%
Cape Town, Durban
62%
Saint Petersburg, Stockholm
61%
Ouagadougou, Conakry, Bamako, Dakar
61%
San Juan, Santo Domingo, Port-au-Prince, Dakar
61%
Nairobi, Dar es Salaam
61%
Melbourne, Brisbane
61%
Boston, Montreal
60%
Boston, Montreal
60%
Boston, Montreal
60%
Boston, Montreal
60%
Cape Town
60%
Cape Town
60%
Cape Town
60%
San Juan, Havana, Santo Domingo, Port-au-Prince
59%
Kano, Ibadan, Abuja, Jeddah, Yaoundé, Ouagadougou, Bamako, K..
59%
San Juan, Caracas, Santo Domingo, Port-au-Prince
56%
Antananarivo, Dar es Salaam, Lusaka, Harare
56%
Ürümqi, Meshed, Baku, Kiev, Tashkent
53%
Manaus, Guayaquil, Quito
53%
Recife, Salvador, Fortaleza, Luanda
53%
Belo Horizonte, Recife, Salvador, Fortaleza, Belém, Manaus
52%
Ürümqi, Rawalpindi, Kabul, Tashkent
51%
Ürümqi, Baotou, Rawalpindi, Kabul, Tashkent
51%
Antananarivo, Dar es Salaam
51%
Antananarivo, Lusaka, Harare
50%
Guayaquil, Quito
48%
Recife, Salvador, Fortaleza, Belém, Manaus
48%
Antananarivo, Harare
48%
Belo Horizonte, Recife, Salvador, Fortaleza
47%
Salvador, Luanda, Lusaka
47%
Antananarivo, Lusaka
47%
Luanda, Lusaka, Harare
47%
Antananarivo
44%
Antananarivo
44%
Recife, Fortaleza, Belém, Abidjan, Conakry
42%
Belo Horizonte, Recife, Salvador
42%
Ürümqi, Tashkent
40%
Ürümqi, Tashkent
40%
Brisbane
40%
Brisbane
40%
Brisbane
40%
Miami, Tampa, Orlando, San Juan
39%
Guangzhou, Shantou, Hong Kong, Huizhou, Kaohsiung, Taichung
39%
Cebu, Singapore
39%
Saint Petersburg
38%
San Diego, Guadalajara
33%
Cebu, Kuala Lumpur
32%
Harbin, Changchun, Sapporo
31%
Harbin, Changchun, Sapporo
31%
Harbin, Changchun, Sapporo
31%
Ürümqi
23%
Ürümqi, Baotou
23%
Harbin, Changchun
19%
Bandung, Surabaya
19%
Bandung, Surabaya
19%
Belo Horizonte, Harare
18%
Birmingham, Manchester, Leeds
15%
Birmingham, Manchester, Leeds
15%
Birmingham, Manchester, Leeds
15%
Birmingham, Manchester, Leeds
15%
Cebu
10%
No matching quizzes found
Score Distribution
Percent of People with Each Score
Percentile by Number Answered
Your Score History
You have not taken this quiz